[Event "Sarajevo Bosna op 48th"]
[Site "Sarajevo"]
[Date "2018.05.07"]
[Round "4"]
[White "Maksimovic, Masa"]
[Black "Haskovic, Salih"]
[Result "1-0"]
[WhiteElo "2087"]
[BlackElo "1857"]
[PlyCount "66"]
[EventDate "2018.05.05"]
[EventType "swiss"]
[EventRounds "9"]
[EventCountry "BIH"]
[SourceTitle "CBM 184 Extra"]
[Source "ChessBase"]
[SourceDate "2018.06.28"]
[SourceVersion "1"]
[SourceVersionDate "2018.06.28"]
[SourceQuality "1"]

1. e4 e5 2. Nf3 Nc6 3. Bb5 Nf6 4. 0-0 Nd4 5. Nxd4 exd4 6. e5 Nd5 7. Re1 c6 8. Bc4 Nb6 9. Bb3 Be7 10. Qg4 0-0 11. Qxd4 d5 12. c3 Bf5 13. Qf4 Qd7 14. d4 h6 15. Qg3 Kh8 16. Be3 Qd8 17. Qf3 Qd7 18. Qe2 Rae8 19. Nd2 Bg4 20. f3 Bf5 21. g4 Bh7 22. f4 f5 23. h3 fxg4 24. hxg4 Bh4 25. Red1 h5 26. f5 Bg3 27. Nf1 Bh4 28. Qh2 hxg4 29. Qxh4 Qxf5 30. Rd2 Qe4 31. Bc2 Rxf1+ 32. Rxf1 Qxe3+ 33. Rdf2 Qh6 1-0

[Event "Sarajevo Bosna op 48th"]
[Site "Sarajevo"]
[Date "2018.05.06"]
[Round "3"]
[White "Haskovic, Salih"]
[Black "Shah, Rishab"]
[Result "0-1"]
[WhiteElo "1857"]
[BlackElo "2084"]
[PlyCount "52"]
[EventDate "2018.05.05"]
[EventType "swiss"]
[EventRounds "9"]
[EventCountry "BIH"]
[SourceTitle "CBM 184 Extra"]
[Source "ChessBase"]
[SourceDate "2018.06.28"]
[SourceVersion "1"]
[SourceVersionDate "2018.06.28"]
[SourceQuality "1"]

1. d4 Nf6 2. c4 g6 3. Nc3 Bg7 4. g3 0-0 5. Nf3 d6 6. Bg2 Nc6 7. 0-0 a6 8. e4 Bg4 9. h3 Bxf3 10. Bxf3 e5 11. d5 Nd4 12. Be3 Nxf3+ 13. Qxf3 Nd7 14. g4 Qe7 15. Qg2 Bf6 16. b4 Bg5 17. Qg3 h6 18. Kg2 Kh7 19. Qf3 Rg8 20. Ne2 Raf8 21. Ng3 f5 22. exf5 gxf5 23. Nxf5 e4 24. Nxe7 exf3+ 25. Kg1 Bxe7 26. Kh2 Bf6 0-1

[Event "Sarajevo Bosna op 46th"]
[Site "Sarajevo"]
[Date "2016.05.29"]
[Round "3"]
[White "Haskovic, Salih"]
[Black "Musovic, Armin"]
[Result "0-1"]
[WhiteElo "1984"]
[BlackElo "2203"]
[PlyCount "106"]
[EventDate "2016.05.28"]
[EventType "swiss"]
[EventRounds "9"]
[EventCountry "BIH"]
[SourceTitle "EXT 2019"]
[Source "ChessBase"]
[SourceDate "2018.10.10"]
[SourceVersion "1"]
[SourceVersionDate "2018.10.10"]
[SourceQuality "1"]

1. d4 Nf6 2. Nf3 d5 3. g3 g6 4. Bg2 Bg7 5. 0-0 0-0 6. Nbd2 c5 7. c3 Nc6 8. Nb3 c4 9. Nbd2 b5 10. Re1 Nd7 11. e4 e6 12. Qc2 Nb6 13. b3 b4 14. Bb2 a5 15. e5 Ba6 16. h4 Rc8 17. Bf1 Na7 18. bxc4 Bxc4 19. Bxc4 Nxc4 20. cxb4 Ne3 21. Qb3 Nc2 22. b5 Nxa1 23. Rxa1 Re8 24. a4 Bf8 25. Kg2 Bb4 26. Qd3 Qc7 27. Rc1 Qb7 28. Rh1 f5 29. Nf1 h5 30. Ne3 Rc7 31. Ng5 Nc8 32. Kh3 Nb6 33. Qb3 Nc4 34. Ng2 Nd2 35. Qd3 Ne4 36. Rf1 Nxg5+ 37. hxg5 Kf7 38. Ne3 Rec8 39. Kg2 Be7 40. f4 Bb4 41. Rf2 Qb6 42. Re2 Bc3 43. Rc2 Bxb2 44. Rxb2 Rc3 45. Qd2 Ra3 46. Nc2 Rxa4 47. Qd3 Rac4 48. Qb3 Rc3 49. Qa4 R8c4 50. Qa2 a4 51. Ne1 Qxd4 52. Re2 h4 53. Qd2 Rxg3+ 0-1

[Event "Sarajevo Bosna op 46th"]
[Site "Sarajevo"]
[Date "2016.05.28"]
[Round "1"]
[White "Haskovic, Salih"]
[Black "Jovanovic, Zoran"]
[Result "0-1"]
[WhiteElo "1984"]
[BlackElo "2531"]
[PlyCount "112"]
[EventDate "2016.05.28"]
[EventType "swiss"]
[EventRounds "9"]
[EventCountry "BIH"]
[SourceTitle "CBM 172 Extra"]
[Source "ChessBase"]
[SourceDate "2016.06.21"]
[SourceVersion "1"]
[SourceVersionDate "2016.06.21"]
[SourceQuality "1"]

1. d4 d6 2. Nf3 g6 3. g3 Bg7 4. Bg2 c5 5. 0-0 cxd4 6. Nxd4 Qb6 7. c3 Nc6 8. Nxc6 bxc6 9. Nd2 Nf6 10. Qa4 Bd7 11. Nc4 Qc7 12. Qa5 Qxa5 13. Nxa5 Rc8 14. e4 0-0 15. Re1 Ng4 16. Bg5 f6 17. Be3 Rb8 18. Rab1 Rb5 19. Nb3 Nxe3 20. Rxe3 Rfb8 21. Bf1 R5b6 22. Bc4+ Kh8 23. Re2 Bg4 24. Rc2 f5 25. Bd3 fxe4 26. Bxe4 Ra6 27. Nc1 c5 28. f3 Be6 29. c4 Rab6 30. b3 a5 31. Kf2 a4 32. h4 Bd4+ 33. Ke2 Kg7 34. Bd3 Bd7 35. Rd2 Bc3 36. Rc2 Be5 37. Kf2 h6 38. Kg2 g5 39. h5 Be8 40. g4 Bf7 41. Re2 Rb4 42. Re4 Bf6 43. Kf2 Bd4+ 44. Kg2 e5 45. Re2 Bxc4 46. Bxc4 Rxc4 47. bxc4 Rxb1 48. Rc2 Kf6 49. Nd3 Rg1+ 50. Kh2 Rd1 51. Nc1 e4 52. fxe4 Ke5 53. Ne2 Kxe4 54. Ng3+ Kf3 55. Kh3 Rg1 56. Nf5 Be5 0-1

[Event "Sarajevo Bosna op 45th"]
[Site "Sarajevo"]
[Date "2015.06.02"]
[Round "5"]
[White "Haskovic, Salih"]
[Black "Zlobec, Srdjan"]
[Result "1-0"]
[WhiteElo "1942"]
[BlackElo "2061"]
[PlyCount "115"]
[EventDate "2015.05.30"]
[EventType "swiss"]
[EventRounds "9"]
[EventCountry "BIH"]
[SourceTitle "CBM 166 Extra"]
[Source "ChessBase"]
[SourceDate "2015.06.18"]
[SourceVersion "1"]
[SourceVersionDate "2015.06.18"]
[SourceQuality "1"]

1. e4 c5 2. Nf3 e6 3. Nc3 a6 4. d4 cxd4 5. Nxd4 Qc7 6. Be2 d6 7. 0-0 Nf6 8. Bd3 Be7 9. Kh1 b5 10. a3 Bb7 11. f3 0-0 12. Bg5 Nbd7 13. f4 Rfe8 14. Re1 Nc5 15. h3 h6 16. Bxf6 Bxf6 17. Nde2 Rac8 18. Rf1 Qc6 19. Rf3 Nxd3 20. cxd3 Qb6 21. Qb3 Rc7 22. Raf1 Rec8 23. f5 e5 24. Ng3 Rc5 25. Nh5 Qd8 26. Rg3 Kf8 27. a4 Qa5 28. Rgf3 Bc6 29. axb5 axb5 30. Nxf6 gxf6 31. Qd1 b4 32. Ne2 d5 33. Qd2 Ke7 34. Ng3 dxe4 35. dxe4 Rd8 36. Qxh6 Bb5 37. Rc1 Qc7 38. Ra1 Rd4 39. Nh5 Rc6 40. Ra8 Rd8 41. Rxd8 Qxd8 42. Rg3 Be2 43. Kh2 Qd1 44. Rg8 Kd7 45. Nxf6+ Kc7 46. Qg7 Bc4 47. Ne8+ Kb6 48. Qxe5 f6 49. Qb8+ Kc5 50. Rg3 Qc2 51. Qa7+ Rb6 52. Nxf6 Kc6 53. Rg6 Kb5 54. Qd7+ Ka5 55. Qc7 Kb5 56. Qe5+ Ka6 57. Nd5 Rxg6 58. Nxb4+ 1-0

[Event "Sarajevo Bosna op 45th"]
[Site "Sarajevo"]
[Date "2015.05.31"]
[Round "2"]
[White "Demic, Aleksandar"]
[Black "Haskovic, Salih"]
[Result "0-1"]
[WhiteElo "1673"]
[BlackElo "1942"]
[PlyCount "70"]
[EventDate "2015.05.30"]
[EventType "swiss"]
[EventRounds "9"]
[EventCountry "BIH"]
[SourceTitle "CBM 166 Extra"]
[Source "ChessBase"]
[SourceDate "2015.06.18"]
[SourceVersion "1"]
[SourceVersionDate "2015.06.18"]
[SourceQuality "1"]

1. e4 e5 2. Nf3 Nc6 3. d4 exd4 4. Bc4 Bb4+ 5. c3 dxc3 6. bxc3 Ba5 7. Qb3 Qe7 8. 0-0 h6 9. Ba3 Qf6 10. e5 Qg6 11. Nh4 Qh5 12. Nf3 Nge7 13. Re1 0-0 14. Re4 Bb6 15. Bd3 g5 16. h3 Qg6 17. Qc2 Re8 18. h4 g4 19. Nh2 d5 20. Rxg4 Qxg4 21. Nxg4 Bxg4 22. Bc1 Nxe5 23. Na3 N7g6 24. Bf5 Nxh4 25. Bxg4 Nxg4 26. Be3 Nxe3 27. fxe3 Rxe3 28. Kh1 c6 29. Rf1 Rae8 30. Qf2 Rh3+ 31. gxh3 Bxf2 32. Rxf2 Re3 33. Kh2 Rxc3 34. Nb1 Rd3 35. Nd2 Rxd2 0-1

[Event "Sarajevo Bosna op-B 43rd"]
[Site "Sarajevo"]
[Date "2013.06.05"]
[Round "6"]
[White "Haskovic, Salih"]
[Black "Stavnjak, Lazar"]
[Result "1/2-1/2"]
[WhiteElo "2041"]
[BlackElo "2226"]
[PlyCount "170"]
[EventDate "2013.06.01"]
[EventType "swiss"]
[EventRounds "9"]
[EventCountry "BIH"]
[SourceTitle "CBM 154 Extra"]
[Source "ChessBase"]
[SourceDate "2013.06.25"]
[SourceVersion "2"]
[SourceVersionDate "2013.06.25"]
[SourceQuality "1"]

1. d4 Nf6 2. Nf3 e6 3. Bg5 Be7 4. Nbd2 d5 5. e3 0-0 6. c3 b6 7. Ne5 Nfd7 8. Nxd7 Nxd7 9. Bxe7 Qxe7 10. Bd3 c5 11. 0-0 a5 12. Re1 Bb7 13. Qh5 g6 14. Qh6 c4 15. Bc2 b5 16. e4 Qf6 17. e5 Qg7 18. Qh3 Bc6 19. Re3 b4 20. Rg3 bxc3 21. bxc3 Rab8 22. Nf1 Rb2 23. Ne3 f5 24. exf6 Rxf6 25. Bd1 Rbxf2 26. Bf3 Rb2 27. Nxc4 dxc4 28. Bxc6 Nf8 29. a4 Qc7 30. Rf3 Rxf3 31. Qxf3 Qf7 32. Qe3 Qf5 33. Rf1 Rb1 34. Bf3 Rxf1+ 35. Kxf1 Nd7 36. g4 Qf6 37. Kg2 Nb6 38. Bc6 Kg7 39. h3 g5 40. Qe4 h6 41. Kg3 Kf8 42. Kg2 Ke7 43. Bb5 Nd5 44. Bxc4 Nxc3 45. Qb7+ Kf8 46. Qc8+ Ke7 47. Qc7+ Kf8 48. Bxe6 Qxe6 49. Qxc3 Qa2+ 50. Kg3 Qxa4 51. Qc5+ Ke8 52. Qe5+ Kd8 53. Qh8+ Qe8 54. Qxh6 Qe3+ 55. Kg2 Kc7 56. Qa6 Qe4+ 57. Kh2 Qc2+ 58. Kg3 Qb3+ 59. Kh2 a4 60. Qa7+ Kc8 61. Qc5+ Kb7 62. d5 Qb6 63. Qa3 Qf2+ 64. Kh1 Qf1+ 65. Kh2 Qf4+ 66. Kg2 Kb6 67. Qd3 Kc7 68. Qc3+ Kd7 69. Qa5 Ke7 70. Qc5+ Kf7 71. Qa7+ Kg6 72. Qa6+ Kg7 73. Qa7+ Kg6 74. Qa6+ Kg7 75. Qa7+ Kf6 76. Qa6+ Ke5 77. Qe6+ Kd4 78. d6 Qd2+ 79. Kg1 Qd1+ 80. Kf2 Qd2+ 81. Kf1 Qd3+ 82. Kf2 Qd2+ 83. Kf1 Qd3+ 84. Kg2 Qd2+ 85. Kf1 Qd3+ 1/2-1/2

[Event "Sarajevo Bosna op-B 43rd"]
[Site "Sarajevo"]
[Date "2013.06.02"]
[Round "3"]
[White "Lepenica, Nedim"]
[Black "Haskovic, Salih"]
[Result "0-1"]
[WhiteElo "1613"]
[BlackElo "2041"]
[PlyCount "33"]
[EventDate "2013.06.01"]
[EventType "swiss"]
[EventRounds "9"]
[EventCountry "BIH"]
[SourceTitle "CBM 154 Extra"]
[Source "ChessBase"]
[SourceDate "2013.06.25"]
[SourceVersion "2"]
[SourceVersionDate "2013.06.25"]
[SourceQuality "1"]

1. e4 c5 2. c3 d5 3. exd5 Qxd5 4. d4 cxd4 5. cxd4 e6 6. Nf3 Nc6 7. Nc3 Bb4 8. a3 Bxc3+ 9. bxc3 Nf6 10. c4 Qe4+ 11. Be2 0-0 12. 0-0 Rd8 13. Bb2 Ne7 14. Bd3 Qc6 15. d5 exd5 16. Bxf6 Qxf6 17. cxd5 0-1

[Event "Sarajevo Bosna op-B 42nd"]
[Site "Sarajevo"]
[Date "2012.05.10"]
[Round "8"]
[White "Haskovic, Salih"]
[Black "Colpa, Husein"]
[Result "0-1"]
[WhiteElo "2088"]
[BlackElo "1944"]
[PlyCount "60"]
[EventDate "2012.05.05"]
[EventType "swiss"]
[EventRounds "9"]
[EventCountry "BIH"]
[SourceTitle "CBM 148 Extra"]
[Source "ChessBase"]
[SourceDate "2012.06.22"]
[SourceVersion "1"]
[SourceVersionDate "2012.06.22"]
[SourceQuality "1"]

1. d4 d5 2. Nf3 Nf6 3. h3 g6 4. g3 c5 5. c3 b6 6. Bg2 Bb7 7. 0-0 Bg7 8. Re1 Nbd7 9. Bf4 0-0 10. Qc1 Rc8 11. Bh6 cxd4 12. Bxg7 Kxg7 13. Nxd4 Nc5 14. Qf4 Qd7 15. Qe5 h5 16. Nd2 Rfd8 17. f4 Na4 18. Rab1 b5 19. a3 Nb6 20. Bf3 Qxh3 21. Kf2 Qd7 22. f5 Nc4 23. Nxc4 dxc4 24. fxg6 Kxg6 25. Rbd1 a6 26. Nc6 Qxc6 27. Rxd8 Rxd8 28. Bxc6 Ng4+ 29. Kg2 Bxc6+ 30. Kh3 Nxe5 0-1

[Event "Sarajevo Bosna op-B 42nd"]
[Site "Sarajevo"]
[Date "2012.05.08"]
[Round "5"]
[White "Cabric, Izet"]
[Black "Haskovic, Salih"]
[Result "0-1"]
[WhiteElo "1968"]
[BlackElo "2088"]
[PlyCount "116"]
[EventDate "2012.05.05"]
[EventType "swiss"]
[EventRounds "9"]
[EventCountry "BIH"]
[SourceTitle "CBM 148 Extra"]
[Source "ChessBase"]
[SourceDate "2012.06.22"]
[SourceVersion "1"]
[SourceVersionDate "2012.06.22"]
[SourceQuality "1"]

1. e4 e5 2. Nf3 Nf6 3. Nc3 d6 4. Bc4 Bg4 5. Be2 Nc6 6. 0-0 Be7 7. Re1 0-0 8. d3 a6 9. Be3 h6 10. a3 Re8 11. b4 Rc8 12. Qb1 Nb8 13. b5 a5 14. Nd1 b6 15. c3 Nbd7 16. d4 Bf8 17. d5 Be7 18. c4 Bh5 19. Nc3 Ng4 20. Nd2 Bg5 21. Bxg4 Bxg4 22. f3 Bxe3+ 23. Rxe3 Bh5 24. Qe1 Nc5 25. Rb1 Rf8 26. Ne2 Qf6 27. g4 Bg6 28. Ng3 Qg5 29. Ndf1 h5 30. h3 hxg4 31. hxg4 f6 32. Rb2 Kf7 33. Rh2 Rh8 34. Qf2 Qf4 35. Nf5 Rcg8 36. Qg3 Qg5 37. Rf2 Rh7 38. f4 exf4 39. Qxf4 Qxf4 40. Rxf4 Nd7 41. Nd4 Rh4 42. Ne6 Rc8 43. Kg2 Ne5 44. Kg3 Rh1 45. Kg2 Rh4 46. Rg3 Kg8 47. Ne3 Nd3 48. Rgf3 Nxf4+ 49. Rxf4 Rh8 50. Nf5 Bxf5 51. exf5 Kf7 52. Re4 Rh4 53. Kg3 Rh1 54. Kf4 Rh3 55. a4 Ra3 56. g5 Rh8 57. g6+ Kg8 58. Kg4 Rah3 0-1

[Event "Sarajevo Bosna op-B 42nd"]
[Site "Sarajevo"]
[Date "2012.05.06"]
[Round "3"]
[White "Sikiric, Halid"]
[Black "Haskovic, Salih"]
[Result "1-0"]
[WhiteElo "1816"]
[BlackElo "2088"]
[PlyCount "53"]
[EventDate "2012.05.05"]
[EventType "swiss"]
[EventRounds "9"]
[EventCountry "BIH"]
[SourceTitle "CBM 148 Extra"]
[Source "ChessBase"]
[SourceDate "2012.06.22"]
[SourceVersion "1"]
[SourceVersionDate "2012.06.22"]
[SourceQuality "1"]

1. e4 e6 2. Nf3 a6 3. d4 d6 4. Bd3 c5 5. c3 h6 6. 0-0 Bd7 7. Re1 Be7 8. Nbd2 Bg5 9. Nc4 Be7 10. Bf4 Qc7 11. e5 d5 12. Nd6+ Bxd6 13. exd6 Qb6 14. dxc5 Qxc5 15. Ne5 Nc6 16. Qh5 Nxe5 17. Bxe5 Nf6 18. Qh4 0-0-0 19. b4 Qb6 20. a4 Rde8 21. a5 Qd8 22. Qd4 Rhg8 23. Reb1 Ne4 24. b5 Nd2 25. Rb2 f6 26. bxa6 Bc6 27. Qa7 1-0